Artistes qui ont performé au Victoria Secret Fashion Show - Statistiques

Statistiques générales
  • Ce quiz a été pris 146 fois
  • Le résultat moyen est 12 sur 52
Statistiques - réponses
Hint Réponse % Correct
2013 Taylor Swift
83%
2014 Taylor Swift
83%
2012 Rihanna
75%
2015 The Weeknd
64%
2012 Justin Bieber
63%
2006 Justin Timberlake
63%
2014 Ariana Grande
54%
2024 Tyla
53%
2016 Bruno Mars
49%
2007 Seal
47%
2024 LISA
43%
2015 Selena Gomez
42%
2016 Lady Gaga
40%
2010 Katy Perry
39%
2017 Harry Styles
37%
2018 Shawn Mendes
33%
2024 Cher
32%
2011 Maroon 5
30%
2011 Nicki Minaj
29%
2008 Usher
27%
2018 Halsey
23%
2011 Jay-Z
21%
2011 Kanye West
21%
2015 Ellie Goulding
16%
2013 Fall Out Boy
14%
2018 The Chainsmokers
14%
2014 Ed Sheeran
13%
2018 Bebe Rexha
11%
2014 Hozier
10%
2018 Rita Ora
9%
2007 Spice Girls
9%
2002 Destiny's Child
8%
2005 Ricky Martin
7%
2007 will.i.am
7%
2003 Sting
6%
2010 Akon
5%
2017 Miguel
5%
2001 Andrea Bocelli
4%
2003 Eve
4%
2018 Kelsea Ballerini
4%
2018 Leela James
4%
2017 Leslie Odom Jr.
4%
2001 Mary J. Blige
4%
2009 The Black Eyes Peas
4%
2018 The Struts
4%
2017 Jane Zhang
3%
2013 Neon Jungle
3%
2002 Phil Collins
3%
2013 A Great Big World
2%
2005 Chris Botti
1%
2008 Jorge Moreno
1%
2002 Marc Anthony
1%
Aucun quiz correspondant
Distribution des résultats
% des personnes avec chaque résultat
Percentile par nombre de réponses
Votre historique - résultats
Vous n’avez pas pris ce quiz